| 000 | 00396nam a2200145Ia 4500 | ||
|---|---|---|---|
| 008 | 230718s9999 xx 000 0 und d | ||
| 041 | _aeng | ||
| 082 | _bDAV | ||
| 100 |
_aDavis S. _9116936 |
||
| 245 | _aLessons From The Future Making Sense Of A Blurred World | ||
| 260 |
_c2001 _bCapstone |
||
| 365 |
_cRs. _b981.00 |
||
| 700 |
_aDavis S. _9116936 |
||
| 906 |
_dB:43810-May-2001 _cARCHIT _b147.15 |
||
| 999 |
_c301831 _d301831 |
||